CRIMINAL PROCEDURE CODE (Record no. 11014)

MARC details
000 -LEADER
fixed length control field 00335nam a22001457a 4500
003 - CONTROL NUMBER IDENTIFIER
control field SGT
020 ## - INTERNATIONAL STANDARD BOOK NUMBER
International Standard Book Number 9789351432555
082 ## - DEWEY DECIMAL CLASSIFICATION NUMBER
Classification number 345.05,DHI
100 ## - MAIN ENTRY--PERSONAL NAME
Personal name DHIRAJLAL & RATANLAL
245 ## - TITLE STATEMENT
Title CRIMINAL PROCEDURE CODE
260 ## - PUBLICATION, DISTRIBUTION, ETC. (IMPRINT)
Place of publication, distribution, etc GURGAON
Name of publisher, distributor, etc LEXIS NEXIS
Year of Publication 2014
300 ## - PAGE DESCRIPTION
No. of Pages 903
650 ## - SUBJECT ADDED ENTRY--TOPICAL TERM
Topical term or geographic name as entry element CRIMINAL PROCEDURE CODE
942 ## - ADDED ENTRY ELEMENTS (KOHA)
Source of classification or shelving scheme Dewey Decimal Classification
Koha item type Books
942 ## - ADDED ENTRY ELEMENTS (KOHA)
-- 1
Holdings
Withdrawn status Lost status Source of classification or shelving scheme Damaged status Not for loan Collection code Home library Current library Shelving location Date acquired Vendor Name Cost, normal purchase price SGTU Bill Number Total Checkouts Full call number Accession No. (Barcode) Date last seen Date last borrowed Bill Date Koha item type
    Dewey Decimal Classification     LAW SGT Science & Social Sciences Library SGT Science & Social Sciences Library Text Book 25/02/2017 COMMERICAL BOOK HOUSE 595.00 SGTU 145 3 345.05,DHI FL1287 18/04/2024 20/02/2019 20/04/2016 Books
    Dewey Decimal Classification   Not For Loan LAW SGT Science & Social Sciences Library SGT Science & Social Sciences Library Reference Book 25/02/2017 COMMERICAL BOOK HOUSE 595.00 SGTU 145   345.05,DHI FL1288 25/02/2017   20/04/2016 Books
    Dewey Decimal Classification     LAW SGT Science & Social Sciences Library SGT Science & Social Sciences Library Text Book 25/02/2017 COMMERICAL BOOK HOUSE 595.00 SGTU 145 2 345.05,DHI FL1289 28/10/2024 15/10/2024 20/04/2016 Books